Ολοκληρωμένη εκτίμηση της διάβρωσης των ακτών λόγω της ανύψωσης της στάθμης της θάλασσας : διδακτορική διατριβή

Αποθηκεύτηκε σε:
Λεπτομέρειες βιβλιογραφικής εγγραφής
Κύριος συγγραφέας: Μονιούδη, Ισαβέλα
Συγγραφή απο Οργανισμό/Αρχή: Πανεπιστήμιο Αιγαίου Σχολή Περιβάλλοντος Τμήμα Επιστημών της Θάλασσας
Μορφή: Thesis Βιβλίο
Γλώσσα:Greek
Δημοσίευση: 2011
Θέματα:
Διαθέσιμο Online:http://hdl.handle.net/11610/10874
Ετικέτες: Προσθήκη ετικέτας
Δεν υπάρχουν, Καταχωρήστε ετικέτα πρώτοι!

MARC

LEADER 00000cam a2200000 i 4500
001 1/36249
008 130905s2011 gre d
035 |l 10115607 
040 |a GR-MY-UA  |b gre  |e aacr 
041 0 |a gre 
082 0 |a 551.458  |2 (22) 
100 1 |a Μονιούδη, Ισαβέλα. 
245 1 0 |a Ολοκληρωμένη εκτίμηση της διάβρωσης των ακτών λόγω της ανύψωσης της στάθμης της θάλασσας :  |b διδακτορική διατριβή /  |c Μονιούδη Ισαβέλα 
260 |c 2011 
300 |a 230 σ.;  |b διαγρ.;  |c 30 εκ. 
502 # # |a Διατριβή (διδακτορική) – Πανεπιστήμιο Αιγαίου, Λέσβος, 2011. 
504 |a Βιβλιογραφία: σ. 205-220, παράρτημα 
650 0 0 |a Sea level. 
650 0 0 |a Coast changes  |x Mathematical models. 
650 0 0 |a Coast changes  |x Computer simulation. 
650 0 0 |a Beach erosion. 
650 0 0 |a Dissertations, Academic  |z Greece. 
710 2 |a Πανεπιστήμιο Αιγαίου  |b Σχολή Περιβάλλοντος  |b Τμήμα Επιστημών της Θάλασσας. 
852 |a INST  |b LESVOS  |c DIATR  |e 20130905  |h 389  |p 005100052828  |q 005100052828  |t PHD  |y 23 
852 |a INST  |b LESVOS  |c DIATR  |e 20130905  |h 390  |p 005100052827  |q 005100052827  |t PHD  |y 23 
856 |u http://hdl.handle.net/11610/10874 
901 |a BIBL1-2013-3 
909 |a Λ  |b 173671 
909 |a Λ  |b 173670 
924 |a ΜΟΝΙΟΥΔΗ  |b ΙΣΑΒΕΛΑ  |y ΛΕΣΒΟΣ  |z 2012-02 
970 |a ΤΖΑΦΕΡΗ  |b ΕΥΑΓΓΕΛΙΑ  |z 2013/09/06